000 00426nam a22001457a 4500
020 _a978-1-119-21093-1
082 _a658.38 TOW
100 _aTowlson, David. Dr
_969517
245 _aHealth & safety at work for dummies
260 _aUnited Kingdom
_bJohn Wiley &Sons
_c2016
300 _axiv,410 P
650 _aHealth & Safety at Work for dummies
_969518
700 _aRobson, Terry Dr. Swaine, Vicki
_969519
942 _cBK
999 _c576761
_d576761